La conquista de Chile: cartas al emperador Carlos V

Guardat en:
Dades bibliogràfiques
Autor principal: Valdivia, Pedro de (Autor)
Format: Llibre
Idioma:espanyol
Publicat: Santiago Ercilla 1941
Edició:2a. ed
Col·lecció:Biblioteca Amauta. Serie América
Matèries:
Etiquetes: Afegir etiqueta
Sense etiquetes, Sigues el primer a etiquetar aquest registre!

MARC

LEADER 00000cam a2200000 a 4500
001 UCE6338
003 CL-VaPUC
008 150402e19410000cl |||||||||||||||||spa|d
082 0 4 |a 983  |b VAL  |2 21 
100 0 |a Valdivia, Pedro de  |e author  |9 317024 
245 1 3 |a La conquista de Chile: cartas al emperador Carlos V 
250 |a 2a. ed 
300 |a 130 p 
942 |c BK 
945 |d 20150402 11:08:00  |a arojas 
260 |a Santiago  |b Ercilla  |c 1941 
650 0 |a Historia de Chile  |9 265473 
650 0 |a Desarrollo económico y social   |9 256320 
650 0 |a Individualismo  |9 313336 
650 0 |a Conquista  |9 339504 
651 7 |a CHILE  |2 CL-VaPUC  |9 578977 
583 |a last modification  |c 20150402 11:08:00  |k Rodrigo Vera 
490 0 |a Biblioteca Amauta. Serie América 
999 |c 358670  |d 358668 
952 |0 0  |1 0  |3 erb  |4 0  |6 983_000000000000000_VAL_1941  |7 0  |8 A  |9 467520  |a BIBHIS  |b BIBHIS  |i 5144159  |o 983 VAL 1941  |p 5144159  |r 2025-01-20  |w 2019-11-23  |y BK  |z Catalogado en:20150402  |k HIS